<?xml version="1.0" encoding="UTF-8"?>
<record
    xmlns:xsi="http://www.w3.org/2001/XMLSchema-instance"
    xsi:schemaLocation="http://www.loc.gov/MARC21/slim http://www.loc.gov/standards/marcxml/schema/MARC21slim.xsd"
    xmlns="http://www.loc.gov/MARC21/slim">

  <leader>02975nam a2200349 a 4500</leader>
  <controlfield tag="003">OSt</controlfield>
  <controlfield tag="005">20241209122302.0</controlfield>
  <controlfield tag="007">cr ||||||a|c|a</controlfield>
  <controlfield tag="008">230511s2021    mx ad||fom||| 001 0 spa d</controlfield>
  <datafield tag="040" ind1=" " ind2=" ">
    <subfield code="e">rda</subfield>
  </datafield>
  <datafield tag="100" ind1="1" ind2=" ">
    <subfield code="9">186986</subfield>
    <subfield code="a">Avenda&#xF1;o Yescas, Jenizet</subfield>
  </datafield>
  <datafield tag="245" ind1="1" ind2="0">
    <subfield code="a">Plan estrat&#xE9;gico para la empresa Ecoturismo Comunal Sta. Catarina Expeji, Ixtl&#xE1;n, Oaxaca Sociedad de Solidaridad Social /</subfield>
    <subfield code="c">por Jenizet Avenda&#xF1;o Yescas; director de tesis Omar Ort&#xED;z Barreto; secretario Enr&#xED;que de la Sancha Rodr&#xED;guez; vocal Francisco Javier Ru&#xED;z Guzm&#xE1;n; suplente Ruben Pati&#xF1;o Cruz; suplente Alejandro Reyes Guerrero</subfield>
  </datafield>
  <datafield tag="264" ind1=" " ind2="1">
    <subfield code="a">Chapingo, M&#xE9;xico :</subfield>
    <subfield code="b">El autor,</subfield>
    <subfield code="c">2021.</subfield>
  </datafield>
  <datafield tag="300" ind1=" " ind2=" ">
    <subfield code="a">1 recurso en l&#xED;nea (102 p&#xE1;ginas):</subfield>
    <subfield code="b">ilustraciones, cuadros, gr&#xE1;ficas</subfield>
  </datafield>
  <datafield tag="336" ind1=" " ind2=" ">
    <subfield code="2">rdacontent</subfield>
    <subfield code="a">texto</subfield>
    <subfield code="b">txt</subfield>
  </datafield>
  <datafield tag="337" ind1=" " ind2=" ">
    <subfield code="2">rdamedia</subfield>
    <subfield code="a">computadora</subfield>
    <subfield code="b">c</subfield>
  </datafield>
  <datafield tag="338" ind1=" " ind2=" ">
    <subfield code="2">rdacarrier</subfield>
    <subfield code="a">recurso en l&#xED;nea</subfield>
    <subfield code="b">cr</subfield>
  </datafield>
  <datafield tag="502" ind1=" " ind2=" ">
    <subfield code="b">LAN</subfield>
    <subfield code="c">DICEA</subfield>
    <subfield code="d">2021.</subfield>
    <subfield code="g">LIC</subfield>
  </datafield>
  <datafield tag="504" ind1=" " ind2=" ">
    <subfield code="a">Incluye referencias bibliogr&#xE1;ficas: p&#xE1;ginas 99-102</subfield>
  </datafield>
  <datafield tag="520" ind1=" " ind2=" ">
    <subfield code="a">Todas las organizaciones requieren de la implementaci&#xF3;n de las herramientas 
administrativas que le permitan adaptarse al entorno cambiante en el que se 
desarrollan y los planes estrat&#xE9;gicos son el ejemplo de estas herramientas 
din&#xE1;micas que permiten obtener las estrategias y las iniciativas para llevarlas a cabo 
con el fin de dirigir a una organizaci&#xF3;n hacia los objetivos para los cuales fue creada 
y considerando los objetivos de los grupos interesados. El presente trabajo muestra 
los resultados de una investigaci&#xF3;n cualitativa y cuantitativa de la empresa 
Ecoturismo Comunal Sta. Catarina Ixtepeji, Ixtl&#xE1;n, Oaxaca, Sociedad de Solidaridad 
Social que presta servicios ecotur&#xED;sticos en &#xE1;reas naturales comunales 
pertenecientes al municipio de Santa Catarina Ixtepeji mismo que se rige por un 
sistema cultural propio donde las administraciones de cada instituci&#xF3;n son elegidas 
por usos y costumbres. Los resultados obtenidos presentan una propuesta de un 
Plan Estrat&#xE9;gico para el desarrollo econ&#xF3;mico y social de la empresa ecotur&#xED;stica 
estableciendo las estrategias necesarias sin perder de vista sus objetivos y los 
enfoques que empresas como &#xE9;sta deben considerar para cumplir con la 
conservaci&#xF3;n de las &#xE1;reas naturales.</subfield>
  </datafield>
  <datafield tag="650" ind1=" " ind2="4">
    <subfield code="9">132836</subfield>
    <subfield code="a">Ecoturismo</subfield>
    <subfield code="x">Oaxaca</subfield>
  </datafield>
  <datafield tag="650" ind1=" " ind2="4">
    <subfield code="9">31973</subfield>
    <subfield code="a">Desarrollo de la comunidad</subfield>
    <subfield code="x">Oaxaca</subfield>
  </datafield>
  <datafield tag="650" ind1=" " ind2="4">
    <subfield code="9">131960</subfield>
    <subfield code="a">Comunidades rurales</subfield>
    <subfield code="x">Desarrollo econ&#xF3;mico</subfield>
    <subfield code="z">Oaxaca</subfield>
  </datafield>
  <datafield tag="650" ind1=" " ind2="4">
    <subfield code="9">132989</subfield>
    <subfield code="a">Comunidades rurales</subfield>
    <subfield code="x">Programas de desarrollo</subfield>
  </datafield>
  <datafield tag="700" ind1="1" ind2=" ">
    <subfield code="a">Ortiz Barreto, Omar</subfield>
    <subfield code="e">Director de tesis</subfield>
    <subfield code="9">83939</subfield>
  </datafield>
  <datafield tag="700" ind1="1" ind2=" ">
    <subfield code="a">Sancha Rodr&#xED;guez, Enrique de la</subfield>
    <subfield code="9">188409</subfield>
    <subfield code="e">Secretario</subfield>
  </datafield>
  <datafield tag="700" ind1="1" ind2=" ">
    <subfield code="a">Ru&#xED;z Guzm&#xE1;n, Francisco Javier</subfield>
    <subfield code="9">189357</subfield>
    <subfield code="e">Vocal</subfield>
  </datafield>
  <datafield tag="700" ind1="1" ind2=" ">
    <subfield code="a">Pati&#xF1;o Cruz, Rub&#xE9;n</subfield>
    <subfield code="9">86176</subfield>
    <subfield code="e">Suplente</subfield>
  </datafield>
  <datafield tag="700" ind1="1" ind2=" ">
    <subfield code="a">Reyes Guerrero, Alejandro</subfield>
    <subfield code="9">189358</subfield>
    <subfield code="e">Suplente</subfield>
  </datafield>
  <datafield tag="856" ind1=" " ind2=" ">
    <subfield code="u">http://10.13.5.2/tesis/tl/1110904-7_Avendano_Yescas_Jenizet.pdf</subfield>
    <subfield code="z">DESCARGAR PDF</subfield>
  </datafield>
  <datafield tag="942" ind1=" " ind2=" ">
    <subfield code="2">Clasificaci&#xF3;n Universidad Aut&#xF3;noma Chapingo</subfield>
    <subfield code="c">TD</subfield>
  </datafield>
  <datafield tag="999" ind1=" " ind2=" ">
    <subfield code="c">218727</subfield>
    <subfield code="d">218727</subfield>
  </datafield>
  <datafield tag="952" ind1=" " ind2=" ">
    <subfield code="0">0</subfield>
    <subfield code="1">0</subfield>
    <subfield code="2">local</subfield>
    <subfield code="4">0</subfield>
    <subfield code="5">1</subfield>
    <subfield code="7">0</subfield>
    <subfield code="8">TesDigL</subfield>
    <subfield code="a">BD</subfield>
    <subfield code="b">BD</subfield>
    <subfield code="c">E_L</subfield>
    <subfield code="d">2023-05-11</subfield>
    <subfield code="l">0</subfield>
    <subfield code="o">Tesis digital</subfield>
    <subfield code="r">2023-05-11 00:00:00</subfield>
    <subfield code="w">2023-05-11</subfield>
    <subfield code="y">TD</subfield>
  </datafield>
</record>
